| 000 | 00757nam0a22002771 4500 | ||
|---|---|---|---|
| 001 | RU\INGAK2\INFOCOMM_537\NLR\5000037775 | ||
| 005 | 20250625203121.0 | ||
| 035 | _a(NLR Aleph) 011068102 | ||
| 090 |
_a11265008 _c11265008 |
||
| 100 | _a20160208d1972 |||y0rusy50 ca | ||
| 101 | 0 | _aspa | |
| 102 | _aRU | ||
| 105 | _ay z|||| | ||
| 200 | 1 |
_aV. I. Lenin _eEsbozo biográfico |
|
| 210 |
_aM. _c"Progreso" _d1972 |
||
| 620 | _aМосква | ||
| 686 |
_aМ-Л350 _2rubbk |
||
| 686 |
_a[А35,1] _2rubbk |
||
| 701 | 1 |
_9z03790 _aObičkin _bG. D. _gGennadij Dmitrievič |
|
| 790 | 1 |
_9z03701 _aObychkin _bG. _4070 |
|
| 801 | 1 |
_aRU _bInfoComm _c20130205 |
|
| 801 | 0 |
_aRU _bNLR _gPSBO |
|
| 852 |
_aNLR _jМ21 Д-3/108 |
||
| 852 |
_aNLR _jМ21 Д-3/35 |
||
| 942 | _cBOOK | ||
| 980 | _aNB | ||